| 000 | 00309nam a2200097Ia 4500 | ||
|---|---|---|---|
| 008 | 220120s9999||||xx |||||||||||||| ||und|| | ||
| 100 |
_aCharan C _912132 |
||
| 245 | 0 | _aDesign implementation of share based FFT | |
| 260 |
_aCoorg Institute of Technology _bPonnampet _c2008 |
||
| 650 | _aELECTRONICS AND COMMUNICATIONS | ||
| 999 |
_c137717 _d137717 |
||